Fasting changed my life. (Record no. 17201)

000 -LEADER
fixed length control field 00480nam a2200169 a 4500
001 - CONTROL NUMBER
control field :::00020944$&:&@@
003 - CONTROL NUMBER IDENTIFIER
control field OkBaRHE
005 - DATE AND TIME OF LATEST TRANSACTION
control field 20040508154310.0
008 - FIXED-LENGTH DATA ELEMENTS--GENERAL INFORMATION
fixed length control field s1978 j 000 0 eng u
040 ## - CATALOGING SOURCE
Transcribing agency
100 1# - MAIN ENTRY--PERSONAL NAME
Personal name Anderson, Andy
245 10 - TITLE STATEMENT
Title Fasting changed my life.
260 ## - PUBLICATION, DISTRIBUTION, ETC. (IMPRINT)
Place of publication, distribution, etc Nashville, TN
Name of publisher, distributor, etc Broadman Press
Date of publication, distribution, etc 1978
300 ## - PHYSICAL DESCRIPTION
Extent 126 p.
942 ## - ADDED ENTRY ELEMENTS (KOHA)
Source of classification or shelving scheme
Koha item type Books
Copies
Source of classification or shelving scheme Full call number Damaged status Barcode Date last seen Not for loan Price effective from Permanent Location Copy number Shelving location Date acquired Withdrawn status Koha item type Lost status
 BV 5055 .A52 209442010-04-14 2010-04-14RHEMA Bible Training College1General Stacks2010-04-14 Books